000 01097cam a22002174a 4500
005 20250605164052.0
008 250528s ||||||||||||||||||||||||d
035 _a17310
020 _a582277485
040 _aGR-AtMCL
_bgre
_dGR-AtMCL
_eAACR2
245 1 _aMarketing for Tourism / Third Edition
250 _a3rd
260 _bLongman,
_c1995
300 _a290
520 _aAn introduction to the general theory of marketing and its application in the various sectors of the travel and tourism industry. Preface, The Marketing Perspective, Marketing Planning, Marketing Research and Its Applications in Tourism, The Tourist Market, Tourism Product Policy, Pricing the Product, Marketing Communications, The Distribution System, Tourism Advertising, The Travel Brochure, Sales Promotion for Travel and Tourism, Direct Marketing: Theory and Practice, Public Relations and its Use in the Tourism, Marketing Control, Case Studies, Bibliography, Index.
700 1 _aHolloway Christopher J
_93471
700 1 _aRobinson Chris
_93472
942 _cBK
999 _c2738
_d2738